Vật liệu kỹ thuật điện :Tính chất - đặc điểm- Thành phần công nghệ và ứng dụng

Gardado en:
Detalles Bibliográficos
Formato: Libro
Idioma:Vietnamese
Publicado: Khoa học Kỹ Thuật 1998
Những chủ đề:
Các nhãn: Engadir etiqueta
Sen Etiquetas, Sexa o primeiro en etiquetar este rexistro!
Thư viện lưu trữ: Mạng thư viện Đại học Đà Nẵng
LEADER 01093nam a2200301 a 4500
001 000002718
003 00936
005 20171229145311.0
008 171229s1998 vie
040 |a LSK 
041 0 |a VIE 
082 0 |a 621.31028  |b NG-P 
245 0 0 |a Vật liệu kỹ thuật điện :Tính chất - đặc điểm- Thành phần công nghệ và ứng dụng  |c Nguyễn Xuân Phú chủ biên; Hồ Xuân Thanh 
260 |b Khoa học Kỹ Thuật  |c 1998 
300 |a 366 pages  |c 20,5 cm. 
653 |a Điện, Vật liệu kỹ thuật 
852 |a Phòng Đọc - Phòng Mượn 
901 |a 18 
927 |a Sách tham khảo 
OWN |a LSK 
AVA |a UDN50  |b LSK  |d 621.31028 NG-P  |e check_holdings  |t Error 5003 Not defined in file expand_doc_bib_avail.  |h N  |k 1 
999 |a From the UDN01 
AVA |a UDN50  |b LSK  |d 621.31028 NG-P  |e available  |t Error 5001 Not defined in file expand_doc_bib_avail.  |f 18  |g 0  |h N  |i 0  |k 1 
TYP |a Monograph 
TYP |a Printed language 
980 |a Mạng thư viện Đại học Đà Nẵng